Σχεδίαση και υλοποίηση ασφαλούς συστήματος αποθήκευσης και διαχείρισης ιατρικών δεδομένων : μεταπτυχιακή διατριβή

Η αλματώδης ανάπτυξη στις τεχνολογίες της πληροφορικής καθώς και η ευκολία στην χρήση τους, έχει διευκολύνει τις επιχειρήσεις στο μέγιστο στην άσκηση των λειτουργιών τους. Η μαζική χρήση όμως των υπολογιστών έχει αναδείξει σημαντικά ζητήματα που αφορούν την ασφάλεια των πληροφοριών μιας επιχείρησης....

Πλήρης περιγραφή

Αποθηκεύτηκε σε:
Λεπτομέρειες βιβλιογραφικής εγγραφής
Κύριοι συγγραφείς: Κομματά, Μαρία, Καρανίκας, Αθανάσιος (Συγγραφέας)
Συγγραφή απο Οργανισμό/Αρχή: Πανεπιστήμιο Αιγαίου. Σχολή Θετικών Επιστημών. Τμήμα Μηχανικών Πληροφοριακών και Επικοινωνιακών Συστημάτων. Π.Μ.Σ. Τεχνολογίες και Διοίκηση Πληροφοριακών και Επικοινωνιακών Συστημάτων
Μορφή: Thesis Βιβλίο
Γλώσσα:Greek
Δημοσίευση: 2016.
Θέματα:
Διαθέσιμο Online:http://hdl.handle.net/11610/23231
Ετικέτες: Προσθήκη ετικέτας
Δεν υπάρχουν, Καταχωρήστε ετικέτα πρώτοι!

MARC

LEADER 00000cam a2200000 a 4500
001 1/113057
008 170213s2016####gr | ||| |||| ||gre||
040 |a GR-MyUa  |b gre  |c GR-MyUa  |e AACR2 
041 0 |a gre 
082 7 |a 651.504261   |2 (23)  
100 1 |a Κομματά, Μαρία. 
245 1 0 |a Σχεδίαση και υλοποίηση ασφαλούς συστήματος αποθήκευσης και διαχείρισης ιατρικών δεδομένων :   |b μεταπτυχιακή διατριβή /   |c Μαρία Κομματά, Αθανάσιος Καρανίκας ; επιβλέπων καθηγητής Παναγιώτης Ριζομυλιώτης.  
260 |c 2016.  
300 |a 123 σ. :   |b εικ., πιν. ;   |c 30 εκ.  
500 |a Μέλη της εξεταστικής επιτροπής: Παναγιώτης Ριζομυλιώτης, Μήτρου, Λίλιαν, Λιμνιώτης, Κωνσταντίνος.  
502 |a Διατριβή (μεταπτυχιακή) - Πανεπιστήμιο Αιγαίου, Σάμος, 2016.  
504 |a Βιβλιογραφία: σ. 123.  
506 0 |a Διάθεση πλήρους κειμένου - Ελεύθερη πρόσβαση.  
520 8 |a Η αλματώδης ανάπτυξη στις τεχνολογίες της πληροφορικής καθώς και η ευκολία στην χρήση τους, έχει διευκολύνει τις επιχειρήσεις στο μέγιστο στην άσκηση των λειτουργιών τους. Η μαζική χρήση όμως των υπολογιστών έχει αναδείξει σημαντικά ζητήματα που αφορούν την ασφάλεια των πληροφοριών μιας επιχείρησης. Επιπλέον, όταν οι πληροφορίες που συλλέγονται, επεξεργάζονται και αποθηκεύονται είναι χαρακτηρισμένες ως ευαίσθητα προσωπικά δεδομένα τότε οι επιχειρήσεις έχουν υποχρέωση απέναντι στο νόμο Ν. 2472/97 για την «Προστασία του ατόμου από την επεξεργασία δεδομένων προσωπικού χαρακτήρα» να λαμβάνουν «τα κατάλληλα οργανωτικά και τεχνικά μέτρα για την ασφάλεια των δεδομένων και την προστασία τους από τυχαία ή αθέμιτη καταστροφή, τυχαία απώλεια, αλλοίωση, απαγορευμένη διάδοση ή πρόσβαση και κάθε άλλη μορφή αθέμιτης επεξεργασίας.» Επιπροσθέτως οι επιχειρήσεις που απασχολούν πάνω από 50 εργαζομένους, σύμφωνα με τον νόμο 3850/2010 «για την υγεία και την ασφάλεια των εργαζομένων», έχουν την υποχρέωση να χρησιμοποιούν τις υπηρεσίες τεχνικού ασφάλειας και ιατρού εργασίας. Στην παρούσα διπλωματική εργασία θα ασχοληθούμε με Σχεδίαση και Υλοποίηση ενός Ασφαλούς Συστήματος Αποθήκευσης και Διαχείρισης Ιατρικών Δεδομένων. Η περίπτωση μελέτης θα αφορά μια εικονική εταιρεία την Future Solutions η οποία απασχολεί 350 άτομα . Αρχικά θα εκπονήσουμε μια ανάλυση της επικινδυνότητας για να καταγράψουμε τις δυνητικές απειλές, τα αδύνατα σημεία και να προτείνουμε αντίμετρα για την ασφάλεια των πληροφοριών. Στη συνέχεια θα αναπτύξουμε ένα σύστημα για την διαχείριση των ιατρικών δεδομένων και θα ενσωματώσουμε τα κατάλληλα μέτρα που θα εξασφαλίσουν την ασφάλεια των δεδομένων. Στο τέλος θα παρουσιάσουμε μια Πολιτική Ασφάλειας και ένα Σχέδιο Ανάκαμψης από καταστροφές που θα περιγράφει όλες τις απαιτήσεις ασφάλειας έτσι ώστε να επιτευχθεί η συμμόρφωση με νόμους και κανονισμούς περί προστασίας των προσωπικών δεδομένων.  
650 0 |a Medical records  |x Data processing. 
650 0 |a Medical informatics  |x Security measures. 
650 0 |a Dissertations, Academic  |z Greece. 
700 1 |a Καρανίκας, Αθανάσιος,  |e aut 
700 1 |a Ριζομυλιώτης, Παναγιώτης,  |e dgs 
710 2 |a Πανεπιστήμιο Αιγαίου.   |b Σχολή Θετικών Επιστημών.   |b Τμήμα Μηχανικών Πληροφοριακών και Επικοινωνιακών Συστημάτων.   |b Π.Μ.Σ. Τεχνολογίες και Διοίκηση Πληροφοριακών και Επικοινωνιακών Συστημάτων. 
852 |a INST  |b SAMOS  |c DIATR  |e 20170213  |h 651.504261 ΚΟΜ  |p 005300044333  |q 005300044333  |t MTXE  |y 23 
856 |u http://hdl.handle.net/11610/23231 
924 |a Κομματά  |b Μαρία  |y Σάμος  |z 2016-06 
970 |a Κοσιέρης  |b Χρήστος  |z 13-02-2017